Sześć najbliższych krajów - Jemen - Statystyki

Ogólne statystyki
  • Ten quiz został rozwiązany 83 razy
  • Średni wynik to 5 z 6
Statystyki odpowiedzi
km kraj % Poprawnych
0 Oman
100%
0 Arabia Saudyjska
98%
133 Somalia
83%
109 Etiopia
79%
29 Erytrea
74%
20 Dżibuti
73%
Nie znaleziono quizów pasujących do podanych kryteriów
Rozkład punktacji
Procent ludzi z każdym wynikiem
Percentyl według liczby udzielonych odpowiedzi
Twoja historia wyników
Nie rozwiązałeś tego quizu